000 00666cam a22002292a 4500
001 003430
003 AR-FADEU
008 311216n1994####xxu####################dd
020 _a950-506-213-3
092 _a419
_bM394
_eMAESTRIA
100 _aMassone, María Ignacia
245 _aLengua de señas Argentina : análisis y vocabulario bilingüe
260 _aBuenos Aires
260 _bEdicial
260 _c1994
300 _a345 p. : il
440 _aLengua lingüística comunicación
500 _aIncluye bibliografía
700 _aEmilia M., Machado
650 _a/LINGUISTICA/LENGUAJE DE SEÑAS ARGENTINO/REVISADO//MAESTRIA/
942 _cMAESTRIA
999 _c9260
_d9260